Statistics for Roman Polanski Films

Click here to take the quiz!

General Stats

  • This quiz has been taken 17 times
  • The average score is 8 of 22

Answer Stats

HintAnswer% Correct
2002Adrien Brody in a World War II Holocaust drama.The Pianist
93%
1974Jack Nicholson playing a private detective in a brilliant neo noir film. Which also involves the rape of an under aged girl. That's Polanski for you.Chinatown
80%
1968Mia Farrow and her husband John Cassavetes move into an apartment, where the neighbors are devil worshippers. Btw. I wonder if Polanski can relate to Cassavetes' character.Rosemary's Baby
67%
1971An adaptation of one of Shakespeare's most iconic plays.MacBeth
47%
2011Kate Winslet, John C. Reilly, Jodie Foster and Christoph Waltz playing four parents arguing in a dark comedy set primarily in one apartment in Brooklyn. Of course not shot on location, because Polanski cannot go there :)Carnage
40%
1988Harrison Ford in a Hitchcockian thriller set in Paris, where yells "MY WIFE!" a lot. Seriously you can make a drinking game out of this.Frantic
40%
1965Catherine Deneuve as a belgian woman, slowly losing her mind.Repulsion
40%
1979Nastassja Kinski whom Polanski described as "stimulating" in an interview. God damn it Roman. Are you even trying to hide your pedophilia.Tess
40%
2010Ewan McGregor in a Robert Harris adapted political thriller, which involves a former british prime minister, who hides away in antoher country for fear of being arrested for past crimes. Can you relate to that Roman? :)The Ghost Writer
33%
1999Johnny Depp plays as a book dealer who searches for a satanic book written by Polanski, uhm... I mean the devil himself.The Ninth Gate
33%
1976Roman Polanski himself in a horror film, where he rents an apartment in Paris.The Tenant
33%
1966Two gangsters on the run seek shelter in a castle.Cul-de-Sac
27%
2005Charles Dickens adaptation involving a lot of little boys. Polanski likes that :) Although does he like boys or only little girls? I don't know.Oliver Twist
27%
1986Walter Matthau as a pirate captain.Pirates
27%
1967Musical about vampires, which also marks his only collaboration with his then wife Sharon Tate.The Fearless Vampire Killers
27%
2019Jean Dujardin in a historical drama about the Dreyfuss affair, where Polanski is comparing himself to a man that got wrongfully accused and convicted.An Officer and a Spy
20%
1992Hugh Grant has an affair on a cruise ship. And they have some very weird erotic stuff going on. Including having Polanski's own 30 year younger wife splash splashing her naked breasts with milk. God this guy needs some therapy.Bitter Moon
20%
1994Sigourney Weaver has a visitor in her house and wants him to confess, being certain, that he once tortured and raped her. I would now say that it was probably Polanski himself, but I think Weaver's a bit too old for him.Death and the Maiden
20%
2013Mathieu Amalric and Emmanuelle Seigner in an erotic thriller. God; he really cast his 30 year younger wife in this film. This man has some issues...Venus in Fur
20%
2017Emmanuelle Seigner and Eva Green in a thriller about an author, who begins a relationship with a fan.Based on a True Story
13%
1962Polish language film set on a boat.Knife in the Water
13%
1972Marcello Mastroianni and Sydne Rome in a comedy. Polanski's only Italian language film.What?
13%

Score Distribution

Percentile by Number Answered

Percent of People with Each Score

Your Score History

You have not taken this quiz